Normal view
MARC view
Entry Personal Name
001 - CONTROL NUMBER
- control field: 65838
003 - CONTROL NUMBER IDENTIFIER
- control field: OSt
005 - DATE AND TIME OF LATEST TRANSACTION
- control field: 20260129140726.0
008 - FIXED-LENGTH DATA ELEMENTS
- fixed length control field: 260129|| aca||aabn | a|a d
040 ## - CATALOGING SOURCE
- Original cataloging agency: OSt
- Transcribing agency: OSt
100 ## - HEADING--PERSONAL NAME
- Personal name: Chaw Ei Ei Aung.
- Numeration: 4 Ph.D-Hist-4
670 ## - SOURCE DATA FOUND
- Source citation: Work cat.: (OSt): Chaw Ei Ei Aung. 4 Ph.D-Hist-4, Administration of Justice in Colonial Period (1885-1948)., May,2007.